00472cam a22001692 4500001001100000005001700011008004100028020002600069040001500095050002400110100003000134245002500164250001200189260004400201300002400245650003300269000000222620151217151844.0070404s xx 000 0 eng d a0826461271 :cKES 713 aKABUcKABU 0aHF5686b.C8L83 20021 aLucey, Terry.@000015606410aCosting /cT. Lucey. a6th ed. aLondon ;aNew York :bContinuum,c2002. ax, 609 p. ;c25 cm. 0aCost accounting.@0000151497